000 00590cab a2200205 4500
001 WB3506-19
008 090401t1999 xxu||||| |||| 00| 0 eng d
035 _a(Sirsi) u91251
041 _aeng
245 _aEnergy efficiency
260 _c1999
350 _a0
490 _aTimes
_v10 February 1999, 28-29(2)
520 _aHighlights the campaign by the Energy Savings Trust to encourage awareness of energy efficiency
650 _aENERGY EFFICIENCY
650 _aENERGY SAVINGS TRUST
690 _aENVIRONMENTAL AND LAND CONSULTANCY-ENERGY
942 _n0
948 _c11/02/1999
999 _c57905
_d57905